| 000 | 00788nam a2200229Ia 4500 | ||
|---|---|---|---|
| 003 | GCL | ||
| 008 | 140319s9999 xx 000 0 ara d | ||
| 020 | _a7114320977 | ||
| 040 |
_aGCL / _cGCL |
||
| 082 | 0 | 4 |
_a214.32 _bا ج |
| 100 | 1 | _aابراهيم نافع | |
| 245 | 1 | 0 |
_aجنون الاخضر وحملة تشويه الاسلام / _cابراهيم نافع |
| 250 | _aالاولى | ||
| 260 |
_aالقاهرة : _bمركز الاهرام للترجمة والنشر ، _c2004 |
||
| 300 |
_a249 ص ؛ _c28 سم |
||
| 650 | 0 | 4 | _aحقوق الانسان |
| 650 | 0 | 4 | _aالاسلام والاصلاح السياسى |
| 650 | 0 | 4 | _aالاسلام - دفع مطاعن |
| 650 | 0 | 4 | _aالاسلام والسياسة |
| 650 | 0 | 4 | _aالاسلام والعولمة |
| 942 |
_2ddc _cBK |
||
| 999 |
_c56848 _d56848 |
||